| 000 | 00478nam a2200157 a 4500 | ||
|---|---|---|---|
| 005 | 20140412111236.0 | ||
| 008 | 001120s19uu xx 00 eng d | ||
| 020 | _a0-86215-251-8 | ||
| 050 |
_aTR(GS) 372.4 _bRe25 1985 |
||
| 100 | _aReed, Giles | ||
| 245 |
_aThe red munch bunch word book / _cillustrated by Angela Mitson; compiled by Giles Reed. |
||
| 260 |
_a[s.l.] : _b[s.n.], _c1985. |
||
| 300 | _a24 p. ; col. | ||
| 650 | _aReading -- study and teaching | ||
| 999 |
_c102457 _d102457 |
||